000
00421nam a2200181Ia 4500
008
100917s9999 xx 000 0 und d
082
_b
7242
100
_a
नांगरे बलराम
245
_a
धनंजय
260
_b
---
_c
1966
300
_a
122
365
_b
5
520
_a
नाटक
630
_a
धनंजय
650
_a
नाटक
730
_a
धनंजय
942
_c
BOOK
999
_c
612636
_d
612633